Miscellany /
Corporate Author:
Other Authors:
Format: Book
Language:
English
German
Arabic
Persian
Published:
London ; New York :
Published for the Association by Geoffrey Cumberlege, Oxford University Press,
1949-
Series:
Series (Islamic Research Association) ;
no. 11.
Subjects:
Tags: Add Tag
Call Number: PJ25 .I7 v.11
| LEADER | 01091cam a22003011a 4500 | ||
|---|---|---|---|
| 001 | ocm25563966 | ||
| 003 | OCoLC | ||
| 005 | 20240222003911.0 | ||
| 008 | 920331m19499999enk b 000 0 eng | ||
| 010 | |a 50006957 | ||
| 041 | 0 | |a eng |a ger |a ara |a per | |
| 050 | 4 | |a PJ25 |b .I7 v.11 | |
| 245 | 0 | 0 | |a Miscellany / |c Islamic Research Association. |
| 264 | 1 | |a London ; |a New York : |b Published for the Association by Geoffrey Cumberlege, Oxford University Press, |c 1949- | |
| 300 | |a volumes ; |c 22 cm. | ||
| 336 | |a text |b txt |2 rdacontent | ||
| 337 | |a unmediated |b n |2 rdamedia | ||
| 338 | |a volume |b nc |2 rdacarrier | ||
| 490 | 1 | |a Islamic Research Association series ; |v no. 11 | |
| 500 | |a Text in English, Arabic, German and Persian. | ||
| 500 | |a Pref. signed: A.A.A. Fyzee. | ||
| 504 | |a Includes bibliographical references. | ||
| 546 | |a Texts in English, Arabic, Persian and German. | ||
| 650 | 0 | |a Oriental philology. | |
| 700 | 1 | |a Fyzee, Asaf Ali Asghar, |d 1899-1981. | |
| 710 | 2 | |a Islamic Research Association. | |
| 830 | 0 | |a Series (Islamic Research Association) ; |v no. 11. | |
| 999 | |c 57030 |d 57030 | ||
